| 000 | 00391nam a22001457a 4500 | ||
|---|---|---|---|
| 082 |
_a531.1 _bfaw _cL-5 , P-3 |
||
| 100 |
_aFawdry, R.C. _939885 |
||
| 245 |
_aDynamics Part II _cFawdry, R.C. |
||
| 250 | _a1st ed. | ||
| 260 |
_alondon _bG. Bell and Sons _cc1925. |
||
| 300 |
_avi vii 355 _bill. : _c18 cm |
||
| 526 |
_a0 _b0 _c0 _d531_100000000000000_FAW |
||
| 650 |
_aMCE _9379 |
||
| 942 |
_2ddc _cBK |
||
| 999 |
_c544292 _d544292 |
||